000 00774nam a2200241 a 4500
001 BRL_1617
005 20190320211306.0
008 140414s1958----mx-#######---#000-0#spa-#
041 _aspa
044 _amx
050 4 _aQH31.B88
_b.C66 1958
100 1 _aComas, Juan
_927452
245 1 0 _aBuffon, 1707-1788, precursor de la antropología física
_cpor Juan Comas.
260 _aMéxico
_bUNAM
_c1958
300 _a31 p.
_c23 cm.
440 0 _aPublicaciones del Instituto de Historia. Primera serie
_v43
_927453
440 0 _aCuadernos del Instituto de Historia. Serie antropológica
_v4
_927454
500 _aAu380
600 1 4 _aBuffon, Georges Louis Leclerc
_cConde de
_d1707-1788
_927455
650 1 4 _aAntropología física
_927456
902 _aGRL
942 _2lcc
_cB
999 _c10426
_d10426